Morocco 2026 World Cup Squad - Statistics

General Stats
  • This quiz has been taken 16 times
  • The average score is 11 of 25
Answer Stats
Hint Answer % Correct
GK Yassine Bounou
100%
DF Achraf Hakimi
86%
DF Naif Aguerd
71%
DF Noussair Mazraoui
71%
MF Brahim
64%
MF Sofyan Amrabat
64%
DF Romain Saiss
57%
FW Youssef En-Nesyri
57%
FW Ayoub El Kaabi
50%
MF Ismael Saibari
50%
MF Azzedine Ounahi
43%
DF Jawad El Yamiq
43%
MF Neil El Aynaoui
43%
FW Abdessamad Ezzalzouli
36%
MF Bilal El Khannous
36%
Mohamed Ouahbi
36%
GK Munir
36%
FW Soufiane Rahimi
29%
FW Chemsdine Talbi
21%
FW Eliesse Ben Seghir
14%
FW Ilias Akhomach
14%
DF Mohammed Chibi
14%
DF Abdelhamid Ait Boudlal
7%
GK Mehdi Harrar
7%
MF Oussama Targhalline
7%
No matching quizzes found
Score Distribution
Percent of People with Each Score
Percentile by Number Answered
Your Score History
You have not taken this quiz